2005 F1 Race Winners - Statistics

General Stats
  • This quiz has been taken 36 times
  • The average score is 15 of 19
Answer Stats
Track Team Winner % Correct
Malaysia Renault Alonso
100%
Bahrain Renault Alonso
100%
San Marino Renault Alonso
100%
Europe (Nurburgring) Renault Alonso
100%
France Renault Alonso
100%
Germany Renault Alonso
100%
China Renault Alonso
100%
United States Ferrari Schumacher
90%
Spain McLaren Raikkonen
74%
Monaco McLaren Raikkonen
74%
Canada McLaren Raikkonen
74%
Hungary McLaren Raikkonen
74%
Turkey McLaren Raikkonen
74%
Belgium McLaren Raikkonen
74%
Japan McLaren Raikkonen
74%
Australia Renault Fisichella
65%
Great Britain McLaren Montoya
58%
Italy McLaren Montoya
58%
Brazil McLaren Montoya
58%
No matching quizzes found
Score Distribution
Percent of People with Each Score
Percentile by Number Answered
Your Score History
You have not taken this quiz